| 000 | 00489nam a2200193Ia 4500 | ||
|---|---|---|---|
| 001 | 199 | ||
| 003 | GE_BSU | ||
| 008 | 181216s||||||||xx |||||||||||||| ||und|| | ||
| 040 | _cGE_BSU | ||
| 080 | _a663.2(479.223) | ||
| 245 | _aაჭარა. ღვინის ტური=Adjara wine tour | ||
| 260 | _aბათუმი | ||
| 260 | _b[წ.გ.] | ||
| 300 | _a28 გვ. | ||
| 541 | _h4 ლ | ||
| 653 | _aაჭარა | ||
| 653 | _aღვინის ტური | ||
| 942 | _cBK | ||
| 999 |
_c34453 _d34453 |
||